000 00741nam a2200289Ia 4500
005 20260324115359.0
008 008 260324s9999 xx 000 0 eng d
020 _a9781003447320
037 _aEBOOK
040 _aCRL
040 _beng
040 _cCRL
041 _2eng
041 _aeng
084 _qCRL
100 _aMark McDaniel; Saundra Yancy McGuire; Stephanie McGuire
_91154438
245 0 _aTeach Yourself How to Learn
245 0 _bStrategies You Can Use to Ace Any Course at Any Level
260 _bTaylor and Francis
260 _c2018
365 _a
365 _b230
856 _uhttp://www.taylorfrancis.com/books/9781003447320
942 _cEBOOK
999 _c1745284
_d1745284